Představte si, že je pes /

Main Author: Kvačková, Radka, 1944-
Other Authors: Pálka, Dušan, 1942-2011
Language: Czech
Published: Praha : Motto, 2012
Edition: Vyd. 1.
Online Access: Digitalizovaný dokument
Physical Description: 190 s. : il. ; 20 cm
Book
Saved in:
LEADER 01306nam a2200373 a 4500
001 nkc20122380071
003 CZ PrNK
005 20251115235006.0
007 ta
008 120712s2012 xr a g 000 j cze
015 |a cnb002380071 
020 |a 978-80-7246-580-4  |q (váz.) 
035 |a (OCoLC)815381282 
040 |a OLA001  |b cze  |d BOA001  |d ABA001 
072 7 |a 821.162.3-3  |x Česká próza  |2 Konspekt  |9 25 
080 |a 821.162.3-3  |2 MRF 
080 |a (0:82-4)  |2 MRF 
100 1 |a Kvačková, Radka,  |d 1944-  |7 jn20000401568  |4 aut 
245 1 0 |a Představte si, že je pes /  |c Radka Kvačková ; [ilustrace Dušan Pálka] 
250 |a Vyd. 1. 
260 |a Praha :  |b Motto,  |c 2012 
300 |a 190 s. :  |b il. ;  |c 20 cm 
655 7 |a české prózy  |7 fd133972  |2 czenas 
655 7 |a fejetony  |7 fd132252  |2 czenas 
655 9 |a Czech prose  |2 eczenas 
655 9 |a feuilletons  |2 eczenas 
700 1 |a Pálka, Dušan,  |d 1942-2011  |7 jn99240000920  |4 ill 
856 4 1 |u http://www.digitalniknihovna.cz/mzk/uuid/uuid:67014910-a5b0-11f0-95c3-0050568d319f  |y Digitalizovaný dokument  |x NDK 
910 2 |a BOA001  |b 1-1288.631 
928 9 |a Albatros Media - Motto 
990 |a BK 
995 |a 01 
991 |b 201209  |e b 
996 6 |b 2610519308  |c 1-1288.631  |l MZK  |r Sklad / do 1 hodiny  |n 28  |p p.v.  |w 001273452  |u 000010  |a 1  |e BOA001  |j MZK50  |s P